00985nam a2200325Ia 4500008004100000020001500041050000800056050001000064100002300074245001800097245006700115260003100182260001200213260001200225300002700237300002700264300001100291440004700302500004100349650001900390650001700409650005400426650001600480650005300496650002200549650002200571650002200593650002200615650002200637170203s9999 xx 000 0 und d a971271506x aFic bB441r aBellen, Christine. aRosamistica / cretold by Christine S. Bellen ; illustrated by Liza A. Flores. aPasig City, Philippines :  bAnvil : c©2004. a32 unnumbered pages :  bcolor illustrations ;  c23 cm. aKuwento ni Lola Basyang ni Severino Reyes. aIn Tagalog, with summary in English. aGenerosity --  aKindness --  aKindness -- Philippines -- Bulacan (Province) --  aOrphans --  aOrphans -- Philippines -- Bulacan (Province) --  xJuvenile fiction. xJuvenile fiction. xJuvenile fiction. xJuvenile fiction. xJuvenile fiction.